banner-ar

تاريخ مصر السياسى من الحملة الفرنسية 1798 الى انهيار الملكية 1952 / (Record no. 36561)

MARC details
000 -الفاتح
حقل البيانات ثابتة الطول 00716nam a2200193Ia 4500
005 - وقت وتاريخ اخر تعامل مع التسجيلة
رقم الضبط 20240530103051.0
008 - عناصر البيانات ثابتة الطول - معلومات عامة
حقل البيانات ثابتة الطول 140319s9999 xx 000 0 ara d
040 ## - مصدر الفهرسة
وكالة الفهرسة الأصلية GCL /
وكالة النسخ GCL
082 04 - رقم تصنيف ديوى العشرى
رقم التصنيف 962.02
رقم المادة ق/ا ت
100 1# - المدخل الرئيسى - إسم شخصى
الإسم الشخصى امين سعيد
245 10 - بيان العنوان
العنوان تاريخ مصر السياسى من الحملة الفرنسية 1798 الى انهيار الملكية 1952 /
بيان المسئوليه,etc امين سعيد
260 ## - PUBLICATION, DISTRIBUTION, ETC. (IMPRINT)
تاريخ النشر أو التوزيع 1959
300 ## - الوصف المادى
التعداد 403 ص؛
أبعاد الوعاء 24 سم
490 ## - بيان السلسلة
عنوان السلسلة كتب تاريخ مصر السياسى الحديث
رقم المجلد/ التعيين التسلسلي 12
650 04 - المدخل الاضافى بالموضوع-مصطلح موضوعى
مصطلح موضوعي مصر
التقسيم الفرعي العام تاريخ
التقسيم الفرعي الزمني العصر الحديث
650 04 - المدخل الاضافى بالموضوع-مصطلح موضوعى
مصطلح موضوعي مصر
التقسيم الفرعي العام الاحوال السياسية
942 ## - عناصر المدخل الإضافي( كوها)
مصدر التصنيف او مخطط الترفيف Dewey Decimal Classification
Koha [default] item type كتاب
260 ## - PUBLICATION, DISTRIBUTION, ETC. (IMPRINT)
-- دار احياء الكتب العربية ،
Holdings
حالة التراجع حالة الفقد مصدر التصنيف او خطة الترفيف حالة تلف ليس للاعارة المكان المؤقت الموقع الحالى تاريخ الاكتساب اجمالي اﻻعارات رقم الطلب الباركود تاريخ اخر مشاهدة تاريخ تفعيل السعر نوع وعاء كوها
    ddc     مكتبة القاهرة الكبرى مكتبة القاهرة الكبرى 03/26/2014   962.02 ق/ا ت 88976 03/26/2014 03/26/2014 كتاب

Powered By

EGPV